El Ingenioso Hidalgo Don Quijote de la Mancha, compuesto por Miguel de Cervantes Saauedra. (Registro nro. 17763)

000 -CABECERA
Campo de control de longitud fija 03527nam a22002777a 4500
001 - NÚMERO DE CONTROL
Campo de control BH32418
003 - IDENTIFICADOR DEL NÚMERO DE CONTROL
Campo de control ES-SlBCS
005 - FECHA Y HORA DE LA ÚLTIMA TRANSACCIÓN
Campo de control 20241002081116.0
008 - CÓDIGOS DE INFORMACIÓN DE LONGITUD FIJA
Campo de control de longitud fija 241002s1836 sp ||||| |||| 001 0 spa d
040 ## - FUENTE DE LA CATALOGACIÓN
Centro catalogador del origen ES-SlBCS
Lengua de catalogación spa
041 ## - CÓDIGO DE LENGUA
Código de lengua del texto/banda sonora o título independiente español
100 1# - PUNTO DE ACCESO PRINCIPAL-NOMBRE DE PERSONA
Nombre de persona Cervantes Saavedra, Miguel de
Fechas asociadas al nombre (1547-1616)
9 (RLIN) 3934
240 1# - TÍTULO UNIFORME
Título uniforme <a href="Don Quijote de la Mancha">Don Quijote de la Mancha</a>
245 1# - MENCIÓN DE TÍTULO
Título El Ingenioso Hidalgo Don Quijote de la Mancha, compuesto por Miguel de Cervantes Saauedra.
Mención de responsabilidad, etc. y comentado por Don Diego Clemencin
Número de parte o sección de la obra Parte II. Tomo V
260 ## - PUBLICACIÓN, DISTRIBUCIÓN, ETC... (PIE DE IMPRENTA)
Lugar de publicación, distribución, etc. Madrid :
Nombre del editor, distribuidor, etc. E. Aguado
Fecha de publicación, distribución, etc. , 1836
300 ## - DESCRIPCIÓN FÍSICA
Extensión [2], 471, [3], p. ;
Dimensiones 21 cm
500 ## - NOTA GENERAL
Nota general A mano: Joseph Antonio de Agreda
500 ## - NOTA GENERAL
Nota general Marca tip. en port.
500 ## - NOTA GENERAL
Nota general Anteportada
505 ## - NOTA DE CONTENIDO CON FORMATO
Nota de contenido con formato Tabla de los capítulos de este tomo
Título Donde se cuentan mil zarandajas tan impertinentes como necesárias al verdadero entendimiento desta grande história 1 Donde se apunta la aventura del rebuzno y la graciosa del titerero, con las memorables adivinanzas del mono adivino 20 Donde se prosigue la graciosa aventura del titerero con otras cosas en verdad harto buenas 42 Donde se da cuenta quiénes eran Maese Pedro y su mono, con el mal suceso que Don Quijote tuvo en la aventura del rebuzno, que no la acabó como él quisiera y como lo tenía pensado 67 De cosas que dice Benengeli, que las sabrá quien las leyere, si las lee con atención 83 De la famosa aventura del barco encantado 93 De lo que le avino á Don Quijote con una bella cazadora 112 Que trata de muchas y grandes cosas 125 De la respuesta que dió Don Quijote á su reprensor, con otros graves y graciosos sucesos 146 De la sabrosa plática que la Duquesa y sus doncellas pasáron con Sancho Panza, digna e que se lea y de que se note 176 Que da cuenta de la noticia que se tuvo de como se había de desencantar la sin par Dulcinea del Toboso, que es una de las aventuras mas famosas deste libro 193 Donde se prosigue la noticia que tuvo Don Quijote del desencanto de Dulcinea, con otros admirables sucesos 217 Donde se cuenta la extraña y jamás imaginada aventura de la Dueña Dolorida, álias de la Condes Trifaldi, con una carta que Sancho Panza escribió á su muger Teresa Panza 239 Donde se prosigue la famosa aventura de la Dueña Dolorida 259 Donde se cuenta la que dió de su mala andanza la Dueña Dolorida 265 Donde la Trifaldi prosigue su estupenda y memorable história 285 De cosas que atañen y tocan á esta aventura y á esta memorable histórica 296 De la venida de Clavileño, con el fin desta dilatada aventura 315 De los consejos que dió Don Quijote á Sancho Panza antes que fuese á gobernar la ínsula, con otras cosas bién consideradas 343 De los consejos segundos que dió Don Quijote á Sancho Panza 354 Como Sancho Panza fué llevado al gobierno, y de la extraña aventura que en el castillo sucedió á Don Quijote 368 De como el gran Sancho Panza tomó la posesion de su ínsula, y del modo que comenzó á gobenar 403 Del temeroso espanto cencerril y gatuno que recibió Don Quijote en el discurso de los amores de la enamorada Altisidora 421 Donde se prosigue como se portaba Sancho Panza en su gobierno 431 De lo que le sucedió á Don Quijote con Doña Rodríguez la dueña de la Duquesa, con otros acontecimientos dignos de escritura y de memoria eterna 452
561 ## - NOTA DE PROCEDENCIA
Procedencia Dominicos Jerez de la Frontera
650 ## - PUNTO DE ACCESO ADICIONAL DE MATERIA-TÉRMINO DE MATERIA
Término de materia o nombre geográfico como elemento inicial Don Quijote de La Mancha-Crítica e interpretación.
9 (RLIN) 26128
700 ## - PUNTO DE ACCESO ADICIONAL-NOMBRE DE PERSONA
Nombre de persona Clemencin, Diego
Fechas asociadas al nombre (1765-1834),
Término indicativo de función com.
9 (RLIN) 26127
752 ## - PUNTO DE ACCESO ADICIONAL-NOMBRE JERÁRQUICO DE LUGAR
País o entidad superior España
Ciudad Madrid
942 ## - ENTRADA DE ELEMENTOS AGREGADOS (KOHA)
Fuente de clasificaión o esquema
Koha [por defecto] tipo de item Libro Antiguo
Existencias
Suprimido Perdido Fuente de clasificación o esquema Estropeado No para préstamo Localización permanente Localización actual Fecha adquisición Serie de enumeración / cronológica Préstamos totales Signatura completa Número de Registro / Código de Barras Fecha última consulta Fecha del precio de reemplazo Tipo de item de Koha
          Biblioteca Histórica Biblioteca Histórica 02/10/2024 T. 5   S.XIX-5909 BH32418 02/10/2024 02/10/2024 Libro Antiguo

Bibliotecas Dominicos Provincia Hispania, 2016

Con tecnología Koha